NHL Jersey Numbers 2019-2020 - Statistics

General Stats
  • This quiz has been taken 130 times
  • The average score is 5 of 13
Answer Stats
Question Answer % Correct
What son decided to wear his father's number? Keith Tkachuk Brady Tkachuk#7
70%
Who wore #100 in the NHL? No one
70%
Who invented the goalie mask an what was his number? Jacques Plante #1
60%
Who were the only 2 players in the NHL to wear 0 or 00? Martin Biron,John Davidson
60%
Who Is the greatest player to wear number 7#? Phil Esposito
50%
What Flames player decided to wear #66? But later said he didn't want to dishonour Mario Lemieux. TJ Brodie
50%
Who was the first person to wear #1? Jacques Plante
30%
What jersey numbers havent been retired? Paul Kariya,Toe Blake,Sergei Fedorov,Peter Mcnab
30%
Who is currently The best player to wear #13? Pavel Datsuyk
30%
What player wore #99 before Gretzky? Rick Dudley
30%
Who is the greatest player to wear #69? Mel Angelstad
20%
What is the most worn number in the NHL? 21
10%
What is the the least worn number in the NHL? Other than #0 98
0%
No matching quizzes found
Score Distribution
Percent of People with Each Score
Percentile by Number Answered
Your Score History
You have not taken this quiz